| 000 | 00567nam a2200205 a 4500 | ||
|---|---|---|---|
| 001 | 1956 | ||
| 003 | CDMR | ||
| 005 | 20151030104202.0 | ||
| 008 | 130130s1985||||||||||||||||||||||||||||d | ||
| 020 | _a8475091857 | ||
| 040 |
_aCDMR _bcat _cCDMR |
||
| 100 | 1 |
_aKnapp, Mark Lane _91461 |
|
| 245 | 1 | 3 |
_aLa comunicación no verbal _b: el cuerpo y el entorno _cMark L. Knapp |
| 260 |
_aBarcelona _c1985 _bPaidós |
||
| 300 | _a373 p. | ||
| 490 | 0 |
_aPaidós Comunicación _v1 |
|
| 650 | 0 | 4 |
_94410 _aComunicació no verbal |
| 650 | 0 | 4 |
_9388 _aComunicació humana |
| 942 |
_cMON _2udc |
||
| 999 |
_c1956 _d1956 |
||